| 000 | 00540nam a22001937a 4500 | ||
|---|---|---|---|
| 003 | CEME | ||
| 005 | 20210628205120.0 | ||
| 008 | 210226b xxu||||| |||| 00| 0 eng d | ||
| 020 | _a0-314-91350-5 | ||
| 040 | _c. | ||
| 082 | _a658.15 MOY'C | ||
| 100 |
_aKretlow, W. J Moyer, R. Charles Mcguigon, J. R _973994 |
||
| 245 | _aContemporary financial management | ||
| 250 | _a5TH | ||
| 260 |
_aNEWYORK _bWEST PUBLISHING CO _c1992 |
||
| 300 | _aXXVI, 238P | ||
| 650 |
_aBUSINESS ENTERPRISES FINANCE ACC NO-30479 _973995 |
||
| 942 |
_cBK _2ddc |
||
| 999 |
_c579585 _d579585 |
||